| 000 | 00487nam a22001457a 4500 | ||
|---|---|---|---|
| 003 | SGT | ||
| 082 |
_a617.632 _bT22D |
||
| 100 | _aDESWAL, HIMANSHU | ||
| 245 |
_aTO EVALUATE THE VARIATION AND CORRELATION OF THE THICKNESS OF GINGIVA AND THE UNDERLYING BONE TYPE IN PERIODONTITIS PATIENTS _bAN APPROACH THROUGH CONE BEAM COMPUTED TOMOGRAPHY |
||
| 260 |
_aGURUGRAM, HARYANA _bSGT UNIVERSITY _c2022 |
||
| 300 | _a81 | ||
| 650 | _aPERIODONTOLOGY | ||
| 653 | _aPERIODONTOLOGY | ||
| 942 |
_2ddc _cTH |
||
| 999 |
_c23372 _d23372 |
||